Datum a čas kvízu
21.5
Celkem bodů
Celkový počet nahraných bodů na tomto kvízu bez doplňovacích otázek.
6.
Pořadí na kvízu
Konečné umístění týmu na tomto kvízu.
Zaznamenané odpovědi
| # | Otázka | Odpověď | Body | Výsledky |
|---|---|---|---|---|
| 1. | Čerstvý výtisk nového dobrodru... | Dan Brown; Tajemství všech tajemství | 1 | |
| 2. | V úterý byla slavnostně spuště... | Etiopie | 0 | |
| 3. | 44letý český dirigent Jakub Hr... | v Londýně | 0 | |
| 4. | Minulý týden přišli vědci s př... | Benátky (Venezia) | 0 | |
| 5. | Čeští volejbalisté si po dlouh... | Filipíny | 0 | |
| 6. | V tomto tématu se budeme zabýv... | sestra - bratr | 1 | |
| 7. | Chronologicky seřaďte vybrané... | 1D 2B 3C 4A | 0 | |
| 8. | Která z uvedených osobností je... | A | 0 | |
| 9. | V této otázce nás bude zajímat... | Přemysl Otakar I. | 0 | |
| 10. | Přiřaďte příbuzenské vztahy vy... | 1D 2A 3B 4C | 0 |